<?xml version="1.0" encoding="UTF-8"?>
<record
    xmlns:xsi="http://www.w3.org/2001/XMLSchema-instance"
    xsi:schemaLocation="http://www.loc.gov/MARC21/slim http://www.loc.gov/standards/marcxml/schema/MARC21slim.xsd"
    xmlns="http://www.loc.gov/MARC21/slim">

  <leader>00411nam a2200145Ia 4500</leader>
  <controlfield tag="008">211109s9999||||xx |||||||||||||| ||und||</controlfield>
  <datafield tag="082" ind1=" " ind2=" ">
    <subfield code="a">823</subfield>
    <subfield code="b">HEL-C</subfield>
  </datafield>
  <datafield tag="100" ind1=" " ind2=" ">
    <subfield code="a">Heller, Joseph</subfield>
  </datafield>
  <datafield tag="245" ind1=" " ind2="0">
    <subfield code="a">Catch-22</subfield>
  </datafield>
  <datafield tag="260" ind1=" " ind2=" ">
    <subfield code="b">Longman York Press</subfield>
    <subfield code="a">England</subfield>
    <subfield code="c">1994</subfield>
  </datafield>
  <datafield tag="300" ind1=" " ind2=" ">
    <subfield code="a">569p.</subfield>
  </datafield>
  <datafield tag="630" ind1=" " ind2=" ">
    <subfield code="x">GENERAL STACK</subfield>
  </datafield>
  <datafield tag="650" ind1=" " ind2=" ">
    <subfield code="a">English Literature</subfield>
    <subfield code="v">English Fiction</subfield>
    <subfield code="x">English NovelEnglish Short StoriesGeneralia</subfield>
  </datafield>
  <datafield tag="942" ind1=" " ind2=" ">
    <subfield code="c">BOOK</subfield>
  </datafield>
  <datafield tag="952" ind1=" " ind2=" ">
    <subfield code="0">0</subfield>
    <subfield code="1">0</subfield>
    <subfield code="4">0</subfield>
    <subfield code="7">0</subfield>
    <subfield code="a">SBCL</subfield>
    <subfield code="b">SBCL</subfield>
    <subfield code="c">2</subfield>
    <subfield code="d">2021-11-09</subfield>
    <subfield code="g">200.00</subfield>
    <subfield code="l">2</subfield>
    <subfield code="o">823 HEL-C</subfield>
    <subfield code="p">00085438</subfield>
    <subfield code="r">2023-03-02 00:00:00</subfield>
    <subfield code="s">2023-02-22</subfield>
    <subfield code="w">2021-11-09</subfield>
    <subfield code="y">BOOK</subfield>
  </datafield>
  <datafield tag="999" ind1=" " ind2=" ">
    <subfield code="c">43517</subfield>
    <subfield code="d">43517</subfield>
  </datafield>
</record>
